| 000 | 01248nam a22002651 4500 | ||
|---|---|---|---|
| 001 | 28362 | ||
| 003 | BD-RjUL | ||
| 005 | 20211209051255.0 | ||
| 008 | 140330s1963 ru c 100 0 eng | ||
| 035 | _a(BD-RjUL)28443 | ||
| 040 |
_aDLC _cDLC _dDLC _dBD-RjUL _beng |
||
| 041 | 1 | _aengrus | |
| 082 |
_a320.9470841 _bLER 1963 |
||
| 100 | 1 |
_aLenin, Vladimir Ilʹich, _d1870-1924. _986859 |
|
| 245 | 1 | 0 |
_aReport on peace : _bdelivered at the Second All-Russian Congress of Soviets of Workers' and Soldiers' Deputies, October 26 (November 8), 1917, Home and foreign policy of the Republic, report of the All-Russian Central Executive Committee and the Council of People's Commissars to the Ninth All-Russian Congress of Soviets, December 23, 1921 / _cVladimir Ilʹich Lenin. |
| 260 |
_aMoscow : _bForeign Languages Pub. House, _c1963. |
||
| 300 |
_a290 p. : _bill., port. ; _c21 cm. |
||
| 651 | 0 |
_aSoviet Union _xPolitics and government _y1917-1936. _986860 |
|
| 651 | 0 |
_aSoviet Union _xForeign relations _y1917-1945. _986861 |
|
| 740 | _aHome and foreign policy of the Republic. | ||
| 942 |
_2ddc _cBK |
||
| 999 |
_c28362 _d28362 |
||